| 000 | 00346nam a2200145Ia 4500 | ||
|---|---|---|---|
| 005 | 20251222152657.0 | ||
| 008 | 251222s9999||||xx |||||||||||||| ||spa|| | ||
| 020 | _a9786124159008 | ||
| 082 | _a410.92/M26 | ||
| 100 | _aMartos Carrera, Marcos | ||
| 245 | 0 | _aLuis Jaime Cisneros, un amauta | |
| 250 | _a1ra. ed. | ||
| 264 | _bUMSM | ||
| 942 | _cLIB | ||
| 999 |
_c28697 _d28697 |
||